Online Catalogue and eLibrary

Issues in Feminism (Record no. 3530)

MARC details
000 -LEADER
fixed length control field 00458nam a2200193Ia 4500
005 - DATE AND TIME OF LATEST TRANSACTION
control field 20250122032814.0
008 - FIXED-LENGTH DATA ELEMENTS--GENERAL INFORMATION
fixed length control field 240331s9999 xx 000 0 und d
020 ## - INTERNATIONAL STANDARD BOOK NUMBER
ISBN 8171323634
082 ## - DDC Classification
Item Number - Author Mark DES
DDC Edition Number 1950
Class No. 305.4
100 ## - MAIN ENTRY--PERSONAL NAME
Personal name Desai, L
245 #0 - TITLE STATEMENT
Title Issues in Feminism
260 ## - PUBLICATION, DISTRIBUTION, ETC.
Place of publication, distribution, etc. Jaipur
Name of publisher, distributor, etc. Pointer Publishers
Date of publication, distribution, etc. 2004
300 ## - PHYSICAL DESCRIPTION
Extent (e.g. Volumes, Pages etc.) vii, 216 p.,
650 ## - SUBJECT ADDED ENTRY--TOPICAL TERM
Topical term or geographic name entry element Feminism
650 ## - SUBJECT ADDED ENTRY--TOPICAL TERM
Topical term or geographic name entry element Sex Discrimination
650 ## - SUBJECT ADDED ENTRY--TOPICAL TERM
Topical term or geographic name entry element Women
650 ## - SUBJECT ADDED ENTRY--TOPICAL TERM
Topical term or geographic name entry element Marxism
942 ## - Koha item type (Biblio)
Koha item type Books in Stacks (Lending)
Holdings
Lost status Damaged status Collection code Home library Current library Shelving location Date acquired Full call number Accession Number Item type
    Lending WERC Library WERC Library Social Science Cupboard 03/31/2024 305.4 DES 1950 Books in Stacks (Lending)

© WERC Library